[Event "POL-chT3 Kujawsko Pomorskie 1011"]
[Site "Poland"]
[Date "2011.03.13"]
[Round "8.13"]
[White "Ziolkowski, Dawid"]
[Black "Ozorowski, Edward"]
[Result "1-0"]
[WhiteElo "2206"]
[BlackElo "1876"]
[PlyCount "135"]
[EventDate "2010.11.07"]
[EventType "team-tourn"]
[EventRounds "11"]
[EventCountry "POL"]
[SourceTitle "EXT 2019"]
[Source "ChessBase"]
[SourceDate "2018.10.10"]
[SourceVersion "1"]
[SourceVersionDate "2018.10.10"]
[SourceQuality "1"]

1. e4 c6 2. Nc3 d5 3. Nf3 Bg4 4. h3 Bxf3 5. Qxf3 e6 6. d3 d4 7. Ne2 e5 8. g4 Bd6 9. Bg2 Ne7 10. Ng3 Nd7 11. Bd2 Qb6 12. Rb1 Nc5 13. 0-0 Ne6 14. Nf5 Nxf5 15. exf5 Nc7 16. c4 a5 17. f6 g6 18. Rfe1 0-0-0 19. Qd1 Rhe8 20. a3 Na6 21. Qa4 Nc5 22. Qxa5 Qxa5 23. Bxa5 Bc7 24. Bxc7 Kxc7 25. Be4 h6 26. b4 Nd7 27. a4 Nxf6 28. a5 Nxe4 29. Rxe4 f5 30. gxf5 gxf5 31. Rh4 Re6 32. Re1 Rde8 33. Rd1 Rd8 34. Rh5 Rf6 35. Re1 Re8 36. Rh4 Ree6 37. Kf1 b6 38. axb6+ Kxb6 39. Ke2 c5 40. Rb1 e4 41. bxc5+ Kxc5 42. Rb5+ Kc6 43. Rd5 exd3+ 44. Kxd3 Re8 45. Rh5 Ra8 46. Rhxf5 Ra3+ 47. Kxd4 Rxf5 48. Rxf5 Rxh3 49. f4 h5 50. c5 Rh1 51. Rf6+ Kc7 52. Rh6 h4 53. Kd5 Rd1+ 54. Ke5 Re1+ 55. Kf6 Rc1 56. Rxh4 Rxc5 57. f5 Kd7 58. Re4 Rc1 59. Kf7 Rf1 60. f6 Rg1 61. Rd4+ Kc7 62. Ke7 Re1+ 63. Kf8 Rf1 64. f7 Rg1 65. Ke7 Re1+ 66. Kf6 Rf1+ 67. Ke6 Re1+ 68. Kf5 1-0

[Event "POL-chT3 Kujawsko Pomorskie 1011"]
[Site "Poland"]
[Date "2011.02.27"]
[Round "7.25"]
[White "Ozorowski, Edward"]
[Black "Brzezinski, Mateusz"]
[Result "0-1"]
[WhiteElo "1876"]
[BlackElo "2004"]
[PlyCount "96"]
[EventDate "2010.11.07"]
[EventType "team-tourn"]
[EventRounds "11"]
[EventCountry "POL"]
[SourceTitle "EXT 2019"]
[Source "ChessBase"]
[SourceDate "2018.10.10"]
[SourceVersion "1"]
[SourceVersionDate "2018.10.10"]
[SourceQuality "1"]

1. d4 d5 2. Nf3 Nf6 3. Bf4 e6 4. e3 Be7 5. Bd3 0-0 6. 0-0 b6 7. Nbd2 Bb7 8. c3 c5 9. Re1 Ne4 10. Qc2 f5 11. Rad1 Nd7 12. Ne5 c4 13. Be2 Ndf6 14. Nxe4 Nxe4 15. f3 Nd6 16. Bg3 b5 17. a4 a6 18. Ra1 Nf7 19. axb5 axb5 20. Rxa8 Qxa8 21. Rb1 Nxe5 22. Bxe5 Qa2 23. Rc1 Bc6 24. Bd1 Ra8 25. Qf2 b4 26. cxb4 Bxb4 27. h4 Ba4 28. Bxa4 Qxa4 29. h5 h6 30. e4 Bf8 31. exd5 exd5 32. g4 Qd7 33. Qg2 Qf7 34. f4 Ra5 35. Qf3 Be7 36. Rc2 Ra1+ 37. Kh2 fxg4 38. Qxg4 Rf1 39. Rg2 Bf8 40. Qe2 Rc1 41. Qg4 Rf1 42. Qe2 Rc1 43. Qg4 Kh7 44. Qg6+ Qxg6 45. hxg6+ Kg8 46. Rf2 Be7 47. Kg2 Re1 48. Kf3 Rg1 0-1

[Event "POL-chT3 Kujawsko Pomorskie 1011"]
[Site "Poland"]
[Date "2011.02.13"]
[Round "6.7"]
[White "Kiedrowicz, Jan"]
[Black "Ozorowski, Edward"]
[Result "1-0"]
[WhiteElo "2300"]
[BlackElo "1876"]
[PlyCount "69"]
[EventDate "2010.11.07"]
[EventType "team-tourn"]
[EventRounds "11"]
[EventCountry "POL"]
[SourceTitle "EXT 2019"]
[Source "ChessBase"]
[SourceDate "2018.10.10"]
[SourceVersion "1"]
[SourceVersionDate "2018.10.10"]
[SourceQuality "1"]

1. c4 e5 2. e3 Nf6 3. b3 Nc6 4. Bb2 d5 5. cxd5 Nxd5 6. a3 Bd6 7. Qc2 0-0 8. Bd3 h6 9. Nf3 Re8 10. Nc3 Nxc3 11. Qxc3 Qe7 12. Be4 Bd7 13. g3 f5 14. Bd5+ Kh7 15. Nh4 g5 16. Nf3 Nd8 17. h4 g4 18. Ng1 Bc6 19. Bxc6 Nxc6 20. Ne2 Rad8 21. 0-0 e4 22. d4 exd3 23. Qxd3 Qe6 24. Qb5 Qe4 25. Rac1 Ne5 26. Bxe5 Bxe5 27. Rc4 Qd5 28. Rc5 Qd6 29. Rfc1 Qe6 30. Nd4 Rxd4 31. exd4 Bxg3 32. Rxf5 Kg6 33. h5+ Kg7 34. Qd3 Bd6 35. d5 1-0

[Event "POL-chT3 Kujawsko Pomorskie 0809"]
[Site "Poland"]
[Date "2009.03.29"]
[Round "11.20"]
[White "Rak, Tomasz"]
[Black "Ozorowski, Edward"]
[Result "1-0"]
[WhiteElo "2066"]
[BlackElo "1905"]
[PlyCount "69"]
[EventDate "2008.11.09"]
[EventType "team-tourn"]
[EventRounds "11"]
[EventCountry "POL"]
[SourceTitle "EXT 2019"]
[Source "ChessBase"]
[SourceDate "2018.10.10"]
[SourceVersion "1"]
[SourceVersionDate "2018.10.10"]
[SourceQuality "1"]

1. Nf3 Nf6 2. d4 d5 3. Bf4 Bf5 4. e3 e6 5. Ne5 Nbd7 6. g4 Be4 7. f3 Bg6 8. h4 h6 9. Nxg6 fxg6 10. Bd3 Kf7 11. h5 g5 12. Bg6+ Kg8 13. Bh2 Bd6 14. Nd2 Qe7 15. f4 gxf4 16. exf4 Nh7 17. Qf3 Rf8 18. c3 c6 19. 0-0-0 e5 20. dxe5 Nxe5 21. Qg2 Nxg6 22. hxg6 Nf6 23. Rde1 Qd7 24. f5 Bxh2 25. Rxh2 Re8 26. Rxe8+ Qxe8 27. Qf3 Qd7 28. Re2 b6 29. Re6 Kf8 30. Qf4 Ne8 31. Qb8 h5 32. Nf3 h4 33. Ng5 Qxe6 34. Nxe6+ Ke7 35. Qd8# 1-0